Lenin y la cuestión colonial

Kaydedildi:
Detaylı Bibliyografya
Yazar: Rodríguez, Carlos Rafael (Yazar)
Materyal Türü: Kitap
Dil:İspanyolca
Baskı/Yayın Bilgisi: Santiago Prensa Latinoamericana 1973
Seri Bilgileri:Arauco
Konular:
Etiketler: Etiketle
Etiket eklenmemiş, İlk siz ekleyin!

MARC

LEADER 00000nam a2200000 a 4500
001 UCT5994
003 CL-VaPUC
008 961223e19730000CL |||||||||||||||||spa|d
082 0 4 |a 320.532  |b ROD  |2 21 
100 0 |a Rodríguez, Carlos Rafael  |e author  |9 375705 
245 1 0 |a Lenin y la cuestión colonial 
300 |a 122 p 
942 |c BK 
945 |d 19961223 00:00:00  |a paguirre 
260 |a Santiago  |b Prensa Latinoamericana  |c 1973 
650 0 |a Ideologías  |9 255200 
650 7 |a MARXISMO  |2 CL-VaPUC  |9 375706 
650 0 |a Comunismo  |9 255588 
650 0 |a Doctrinas políticas  |9 255835 
650 0 |a Colonialismo  |9 316469 
650 7 |a SISTEMAS POLITICOS  |2 CL-VaPUC  |9 375707 
651 7 |a LENIN, VLADIMIR ILICH  |2 CL-VaPUC  |9 375655 
583 |a last modification  |c 19961223 00:00:00  |k Rodrigo Vera 
490 0 |a Arauco 
999 |c 254760  |d 254758 
952 |0 0  |1 0  |4 0  |6 320_532000000000000_ROD_1973  |7 0  |8 A  |9 276636  |a BIBDER  |b BIBDER  |d 2019-11-19  |i 1799835  |o 320.532 ROD 1973  |p 1799835  |r 2023-01-25  |w 2019-11-19  |y BK  |k DER 
952 |0 0  |1 0  |4 0  |6 320_532000000000000_ROD_1973  |7 0  |8 A  |9 276637  |a BIBHIS  |b BIBHIS  |d 2019-11-19  |i 1349635  |l 1  |o 320.532 ROD 1973  |p 1349635  |r 2025-01-20  |s 2023-04-27  |w 2019-11-19  |y BK  |k HIS